| 000 | 01269 a2200241 4500 | ||
|---|---|---|---|
| 001 | 31000 | ||
| 005 | 20260407155618.0 | ||
| 008 | 260407a1991 arg spa d | ||
| 003 | AR-UNSa-BCEJYS | ||
| 040 |
_aAR-UNSa-BCEJYS _bspa _cAR-UNSa-BCEJYS |
||
| 080 |
_a657 _xContabilidad |
||
| 245 | 1 | 0 |
_aPlan general de contabilidad _pcomentarios y ejemplos prácticos -Guía contable para pequeños y medianas empresas |
| 020 | _a84-87510-17-5 | ||
| 264 | 1 |
_aMadrid : _bEdiciones Ciencias Sociales _c1991 |
|
| 300 |
_a474 p. _c22 cm. |
||
| 505 | _a1. Incidencia de la reforma mercantil en la contabilidad de la empresa - 2. Los principios contables en el nuevo plan general de contabilidad - 3. Comentarios al plan general de contabilidad - 4. Contabilización de las transacciones normales de un ejercicio de la pequeña empresa y mediana empresa - 5. Las cuentas anuales normales - 6. Las cuentas anuales abreviadas para la pequeña y mediana empresa - 7. Plazo de realización de las obligaciones jurídico contables de la empresa - 8. Texto íntegro del plan general de contabilidad | ||
| 942 | _cBK | ||
| 590 | _aniveau_biblio:m niveau_hierar:0 | ||
| 100 | 1 | _aGonzalo, J.A. | |
| 700 | 1 | _aLarriba, Alejandro | |
| 700 | 1 | _aMallo, Carlos | |
| 700 | 1 | _aTua Pereda, Jorge | |
| 999 |
_c2155 _d2155 |
||